Statistics for Lana Del Rey - F*cked My Way to the Top

Click here to take the quiz!

General Stats

  • This quiz has been taken 51 times
  • The average score is 253 of 274

Answer Stats

Answer% Correct
a
100%
do
100%
fucked
100%
I
100%
is
100%
my
100%
the
100%
This
100%
To
100%
to
100%
top
100%
up
100%
way
100%
for
98%
go
98%
Go
98%
show
98%
what
98%
What
98%
baby
95%
I'm
95%
know
95%
me
95%
You
95%
you
95%
your
95%
And
93%
and
93%
best
93%
Don't
93%
dragon
93%
in
93%
you're
93%
like
90%
Need
90%
need
90%
down
88%
even
88%
favorite
88%
girl
88%
good
88%
got
88%
Life
88%
pearls
88%
tonight
88%
whore
88%
more
85%
breathe
83%
confess
83%
Fuckin'
83%
Tell
83%
curls
80%
diamonds
80%
Lay
80%
bore
78%
but
78%
babe
75%
linen
75%
nothing
75%
tested
75%
awesome
73%
fucking
73%
girls
68%
yes
65%
Ah
63%
ah
63%
about
58%
Riviera
55%
Mimicking
50%
me's
40%
night
38%
at
35%
passed
35%
songs
25%

Score Distribution

Percentile by Number Answered

Percent of People with Each Score

Your Score History

You have not taken this quiz